000 00313nam a2200121Ia 4500
008 230627s9999 xx 000 0 und d
041 _aeng
082 _a342.068
_bSAR
100 _aSarkar S. C
245 _aAll India Services Manual V.01
250 _a2ed.
260 _aAllahabad
_bDwivedi Law Publications
_c2001
999 _c702735
_d702735